[Event "15. Obert Internacional Pobla de Lillet"]
[Site "Pobla de Lillet ESP"]
[Date "2005.08.06"]
[Round "5.4"]
[White "Hebden, Mark"]
[Black "Pogorelov, Ruslan"]
[Result "1/2-1/2"]
[WhiteElo "2510"]
[BlackElo "2442"]
[PlyCount "93"]
[EventDate "2005.08.02"]
[EventType "swiss"]
[EventRounds "9"]
[EventCountry "ESP"]
[SourceTitle "Ajedrez en Madrid"]
[Source "lmi"]
[SourceDate "2005.08.11"]
[SourceVersion "1"]
[SourceVersionDate "2020.06.30"]
[SourceQuality "1"]

1. d4 Nf6 2. Nf3 e6 3. c3 Be7 4. Bg5 Ne4 5. Bxe7 Qxe7 6. Nbd2 f5 7. e3 Nxd2 8.
Qxd2 b6 9. Bd3 Bb7 10. Qe2 O-O 11. e4 fxe4 12. Bxe4 Bxe4 13. Qxe4 Nc6 14. O-O-O
Qf7 15. Ne5 Nxe5 16. dxe5 Qxf2 17. Rxd7 Rad8 18. Rhd1 Rxd7 19. Rxd7 Qf1+ 20.
Rd1 Qb5 21. a4 Qb3 22. Qc6 Qa2 23. Rd2 h6 24. g3 Qb3 25. Qb5 Qxb5 26. axb5 Rf5
27. Re2 Kf7 28. Kc2 Ke7 29. Kd3 Kd7 30. Ke4 Rf1 31. b4 Rc1 32. Kd3 Rd1+ 33. Kc2
Ra1 34. Kb3 Ke7 35. Re4 Rb1+ 36. Kc2 Rh1 37. Re2 Ra1 38. Kb3 Rb1+ 39. Kc4 Ra1
40. Re4 Rh1 41. h4 h5 42. Kb3 Rg1 43. Re3 Rf1 44. c4 Rb1+ 45. Kc3 Rc1+ 46. Kd4
Rb1 47. Kc3 1/2-1/2

[Event "15. Obert Internacional Pobla de Lillet"]
[Site "Pobla de Lillet ESP"]
[Date "2005.08.06"]
[Round "5.5"]
[White "Sandu, Mihaela"]
[Black "Burmakin, Vladimir"]
[Result "0-1"]
[WhiteElo "2159"]
[BlackElo "2558"]
[PlyCount "72"]
[EventDate "2005.08.02"]
[EventType "swiss"]
[EventRounds "9"]
[EventCountry "ESP"]
[SourceTitle "Ajedrez en Madrid"]
[Source "lmi"]
[SourceDate "2005.08.11"]
[SourceVersion "1"]
[SourceVersionDate "2020.06.30"]
[SourceQuality "1"]

1. e4 c6 2. c4 g6 3. Nc3 Bg7 4. d4 d6 5. Nf3 Bg4 6. Be2 Bxf3 7. Bxf3 Qb6 8. d5
Nf6 9. O-O Nfd7 10. Qc2 O-O 11. Be2 a5 12. Be3 Qc7 13. a3 Rc8 14. Rab1 Nf6 15.
Rfc1 Nbd7 16. b4 axb4 17. axb4 Rab8 18. c5 Qd8 19. dxc6 Rxc6 20. Nd5 Rcc8 21.
f3 Nxd5 22. exd5 Nf6 23. Qb3 dxc5 24. bxc5 Nxd5 25. Rd1 e6 26. Bc4 Qe8 27. Bxd5
exd5 28. Rxd5 b5 29. cxb6 Rc3 30. Qxc3 Bxc3 31. Rd3 Qe5 32. b7 Qa5 33. Rbd1 h5
34. Rd7 Bf6 35. g3 Qb5 36. R7d6 Be7 0-1

[Event "15. Obert Internacional Pobla de Lillet"]
[Site "Pobla de Lillet ESP"]
[Date "2005.08.06"]
[Round "5.6"]
[White "Baron Rodriguez, Jesus"]
[Black "Sanfeliu Fabregas, Albert"]
[Result "1-0"]
[WhiteElo "2445"]
[BlackElo "2087"]
[PlyCount "87"]
[EventDate "2005.08.02"]
[EventType "swiss"]
[EventRounds "9"]
[EventCountry "ESP"]
[SourceTitle "Ajedrez en Madrid"]
[Source "lmi"]
[SourceDate "2005.08.11"]
[SourceVersion "1"]
[SourceVersionDate "2020.06.30"]
[SourceQuality "1"]

1. e4 c5 2. Nc3 Nc6 3. f4 g6 4. Nf3 Bg7 5. Bb5 Nd4 6. O-O e6 7. Nxd4 cxd4 8.
Ne2 Qb6 9. Bd3 Ne7 10. Rb1 d6 11. b4 Bd7 12. Kh1 O-O 13. Qe1 f5 14. Bb2 Rae8
15. c4 dxc3 16. Bxc3 e5 17. fxe5 dxe5 18. b5 fxe4 19. Rxf8+ Rxf8 20. Bxe4 Nf5
21. a4 Nd4 22. Bb4 Rc8 23. Nc3 Be6 24. Nd5 Bxd5 25. Bxd5+ Kh8 26. Qe4 Qc7 27.
g3 b6 28. Rf1 Rd8 29. Kg2 Nf5 30. Be6 Rd4 31. Qa8+ Rd8 32. Qc6 Qb8 33. Bxf5
gxf5 34. Rxf5 Rc8 35. Qf3 Rc4 36. Bc3 Rc8 37. Rf7 Re8 38. Qg4 Rg8 39. Qf5 Qa8+
40. Kg1 Qe8 41. Rxg7 Kxg7 42. Bxe5+ Kh6 43. Qf6+ Qg6 44. Bf4+ 1-0

[Event "15. Obert Internacional Pobla de Lillet"]
[Site "Pobla de Lillet ESP"]
[Date "2005.08.06"]
[Round "5.7"]
[White "Fabre Massana, Miquel"]
[Black "Granero Roca, Antonio"]
[Result "0-1"]
[WhiteElo "2136"]
[BlackElo "2342"]
[PlyCount "80"]
[EventDate "2005.08.02"]
[EventType "swiss"]
[EventRounds "9"]
[EventCountry "ESP"]
[SourceTitle "Ajedrez en Madrid"]
[Source "lmi"]
[SourceDate "2005.08.11"]
[SourceVersion "1"]
[SourceVersionDate "2020.06.30"]
[SourceQuality "1"]

1. Nf3 Nf6 2. c4 g6 3. Nc3 Bg7 4. e4 d6 5. d4 O-O 6. Be2 Bg4 7. Be3 Nfd7 8. Qd2
c5 9. O-O Nc6 10. d5 Bxf3 11. Bxf3 Nd4 12. Be2 Qa5 13. Rac1 Rab8 14. f4 a6 15.
Rfd1 b5 16. Bd3 Nb6 17. cxb5 axb5 18. Nxb5 Qxd2 19. Rxd2 Nxb5 20. Bxb5 Nxd5 21.
Rxd5 Rxb5 22. b3 Ra8 23. Rc2 f6 24. f5 Rb4 25. fxg6 hxg6 26. e5 fxe5 27. Bg5
Kf7 28. Rd3 Rg4 29. Bd2 Ke6 30. h3 Rd4 31. Rg3 Kf7 32. a4 Bf6 33. Rf3 e4 34.
Rf1 Rd3 35. Rb1 Bd4+ 36. Kf1 Ke6 37. a5 Rf8+ 38. Ke1 e3 39. Bc1 Rf2 40. Re2
Bc3+ 0-1

[Event "15. Obert Internacional Pobla de Lillet"]
[Site "Pobla de Lillet ESP"]
[Date "2005.08.06"]
[Round "5.8"]
[White "Camacho Collados, Marcos"]
[Black "Bruned, Yvain"]
[Result "1/2-1/2"]
[WhiteElo "2016"]
[BlackElo "2328"]
[PlyCount "181"]
[EventDate "2005.08.02"]
[EventType "swiss"]
[EventRounds "9"]
[EventCountry "ESP"]
[SourceTitle "Ajedrez en Madrid"]
[Source "lmi"]
[SourceDate "2005.08.11"]
[SourceVersion "1"]
[SourceVersionDate "2020.06.30"]
[SourceQuality "1"]

1. e4 c5 2. Nf3 d6 3. d4 cxd4 4. Nxd4 Nf6 5. Nc3 a6 6. Be2 e6 7. O-O Be7 8. Be3
O-O 9. Kh1 Nc6 10. f4 Qc7 11. Bf3 Re8 12. Nxc6 bxc6 13. Na4 Rb8 14. c4 c5 15.
Qc2 Bb7 16. Nc3 Nd7 17. Qf2 Bf6 18. Rac1 Rbc8 19. Qg3 Bc6 20. Bd2 Rb8 21. b3 a5
22. Rce1 Qd8 23. Re2 Bd4 24. f5 Be5 25. Qh3 Bf6 26. Bg4 Nf8 27. fxe6 fxe6 28.
Ref2 Rb7 29. Bh5 Ree7 30. Rxf6 gxf6 31. Rxf6 Rg7 32. Qf3 Nd7 33. Rxe6 Ne5 34.
Qf6 Qxf6 35. Rxf6 a4 36. Rxd6 Rgd7 37. Rxd7 Nxd7 38. Bd1 axb3 39. axb3 Nf6 40.
Bc2 Re7 41. Bg5 Re6 42. Nd5 Nxd5 43. cxd5 Bxd5 44. Be3 Bxe4 45. Bxe4 Rxe4 46.
Bxc5 Re1+ 47. Bg1 Rb1 48. g3 Rxb3 49. Kg2 Kf7 50. Kh3 Kg6 51. Bc5 Rb2 52. Bd6
Rd2 53. Bf4 Rd4 54. Kg4 h5+ 55. Kh4 Re4 56. Kh3 Kf5 57. Kh4 Re2 58. h3 Kg6 59.
g4 Re4 60. Bc7 Rc4 61. Bd6 Re4 62. Bc7 Ra4 63. Bd6 Rc4 64. Be5 Rc5 65. Bd6 Rc4
66. Be5 Re4 67. Bd6 Re6 68. Bf4 Re1 69. Bd2 Rd1 70. Bc3 Rd3 71. Be5 Re3 72. Bf4
Re4 73. Bd6 Re2 74. Bf4 Ra2 75. Be5 Ra7 76. Bd4 Rh7 77. Bc3 hxg4+ 78. Kxg4 Rh5
79. Kg3 Rd5 80. Be1 Kf5 81. Bf2 Rd3+ 82. Kg2 Kf4 83. Bg1 Rd2+ 84. Kh1 Kg3 85.
h4 Kxh4 86. Bh2 Kh3 87. Bg1 Kg3 88. Bb6 Rc2 89. Bd4 Rc4 90. Bb6 Rc6 91. Be3
1/2-1/2

[Event "15. Obert Internacional Pobla de Lillet"]
[Site "Pobla de Lillet ESP"]
[Date "2005.08.06"]
[Round "5.10"]
[White "Bernal Moro, Luis Javier"]
[Black "Yastrebova, Tatiana"]
[Result "1/2-1/2"]
[WhiteElo "2431"]
[BlackElo "2082"]
[PlyCount "56"]
[EventDate "2005.08.02"]
[EventType "swiss"]
[EventRounds "9"]
[EventCountry "ESP"]
[SourceTitle "Ajedrez en Madrid"]
[Source "lmi"]
[SourceDate "2005.08.11"]
[SourceVersion "1"]
[SourceVersionDate "2020.06.30"]
[SourceQuality "1"]

1. Nf3 Nf6 2. c4 e6 3. d4 d5 4. e3 c6 5. Nbd2 Nbd7 6. Bd3 Bd6 7. e4 dxe4 8.
Nxe4 Nxe4 9. Bxe4 O-O 10. O-O h6 11. Bc2 e5 12. c5 Bc7 13. Qd3 f5 14. Qc4+ Kh8
15. dxe5 Nxe5 16. Nxe5 Bxe5 17. Bf4 Bxf4 18. Qxf4 Qf6 19. Rad1 Be6 20. Rd6 Qf7
21. Re1 Rae8 22. h3 Bxa2 23. Rxe8 Qxe8 24. b3 Bb1 25. Bxb1 Qe1+ 26. Kh2 Qxb1
27. Rxh6+ gxh6 28. Qxh6+ Kg8 1/2-1/2

[Event "15. Obert Internacional Pobla de Lillet"]
[Site "Pobla de Lillet ESP"]
[Date "2005.08.06"]
[Round "5.11"]
[White "Ayza Ballester, Jordi"]
[Black "Diaz Lopez, Pedro"]
[Result "1/2-1/2"]
[WhiteElo "2300"]
[BlackElo "2040"]
[PlyCount "88"]
[EventDate "2005.08.02"]
[EventType "swiss"]
[EventRounds "9"]
[EventCountry "ESP"]
[SourceTitle "Ajedrez en Madrid"]
[Source "lmi"]
[SourceDate "2005.08.11"]
[SourceVersion "1"]
[SourceVersionDate "2020.06.30"]
[SourceQuality "1"]

1. e4 d5 2. exd5 Nf6 3. d4 Nxd5 4. h3 Bf5 5. Nf3 Nb4 6. Na3 e6 7. c3 Nd5 8. Nc4
Be7 9. Bd3 Bxd3 10. Qxd3 Nd7 11. Nce5 Nxe5 12. dxe5 O-O 13. Qe4 c5 14. O-O Qc7
15. Re1 c4 16. Bg5 Rac8 17. Bxe7 Qxe7 18. Nd4 a6 19. a4 Qg5 20. g3 h6 21. Kg2
Rc5 22. f4 Qe7 23. f5 exf5 24. Nxf5 Qe6 25. Qg4 Qg6 26. Qf3 Re8 27. Rad1 Ne7
28. Rd8 Nxf5 29. Rxe8+ Kh7 30. Qg4 Qc6+ 31. Kh2 Qxe8 32. Qxf5+ Kh8 33. Qe4 b5
34. axb5 axb5 35. Qd4 Rc8 36. Rd1 Ra8 37. Rd2 Ra2 38. Qd6 Qa8 39. Qb6 Qe4 40.
Qb8+ Kh7 41. Rg2 Ra1 42. Qxb5 Qe1 43. g4 Qh1+ 44. Kg3 Qe1+ 1/2-1/2

[Event "15. Obert Internacional Pobla de Lillet"]
[Site "Pobla de Lillet ESP"]
[Date "2005.08.06"]
[Round "5.12"]
[White "Miralles Brugues, Rafael"]
[Black "Bautista Sanchez, Joan"]
[Result "1/2-1/2"]
[WhiteElo "2059"]
[BlackElo "2250"]
[PlyCount "76"]
[EventDate "2005.08.02"]
[EventType "swiss"]
[EventRounds "9"]
[EventCountry "ESP"]
[SourceTitle "Ajedrez en Madrid"]
[Source "lmi"]
[SourceDate "2005.08.11"]
[SourceVersion "1"]
[SourceVersionDate "2020.06.30"]
[SourceQuality "1"]

1. e4 d6 2. Nf3 Nf6 3. e5 dxe5 4. Nxe5 Nbd7 5. Nxd7 Bxd7 6. Be2 e5 7. d3 h6 8.
Nc3 c6 9. Be3 Be7 10. O-O O-O 11. Bf3 Bf5 12. Re1 Re8 13. Qe2 Qc7 14. Rad1 Bb4
15. Bd2 Bc5 16. Ne4 Nxe4 17. dxe4 Be6 18. b3 Rad8 19. Be3 Bd4 20. Bd2 a5 21. c3
Bb6 22. Bg4 Qe7 23. Bxe6 Qxe6 24. Be3 Bxe3 25. Qxe3 a4 26. Qb6 Rxd1 27. Rxd1
axb3 28. axb3 Qg4 29. Rd8 Rxd8 30. Qxd8+ Kh7 31. Qd3 Qg5 32. g3 Qc1+ 33. Kg2
Qb2 34. c4 f6 35. Qf3 Kh8 36. Qd3 c5 37. Qd8+ Kh7 38. Qc8 Qxb3 1/2-1/2

[Event "15. Obert Internacional Pobla de Lillet"]
[Site "Pobla de Lillet ESP"]
[Date "2005.08.06"]
[Round "5.13"]
[White "Pascual Genoves, Marc"]
[Black "Gallart Zafra, Jaume"]
[Result "0-1"]
[WhiteElo "2246"]
[BlackElo "2077"]
[PlyCount "106"]
[EventDate "2005.08.02"]
[EventType "swiss"]
[EventRounds "9"]
[EventCountry "ESP"]
[SourceTitle "Ajedrez en Madrid"]
[Source "lmi"]
[SourceDate "2005.08.11"]
[SourceVersion "1"]
[SourceVersionDate "2020.06.30"]
[SourceQuality "1"]

1. e4 e5 2. Nf3 Nc6 3. Bb5 a6 4. Ba4 Nf6 5. d3 b5 6. Bb3 Bc5 7. O-O d6 8. c3
Bb7 9. Nbd2 Qd7 10. h3 h6 11. Nh4 Ne7 12. Qf3 Rf8 13. Re1 O-O-O 14. Nf1 Nh7 15.
Ne3 g6 16. Nd5 Nxd5 17. exd5 Ng5 18. Qg3 f6 19. a4 Rg8 20. axb5 axb5 21. c4 Nf7
22. Qf3 Rdf8 23. cxb5 f5 24. b6 Bxb6 25. Ba4 Qe7 26. g3 e4 27. dxe4 Ne5 28. Qb3
fxe4 29. Be3 Bxe3 30. Rxe3 Qf7 31. Qc2 Nd3 32. Bc6 Qxf2+ 33. Qxf2 Nxf2 34. Rb3
Bxc6 35. dxc6 Kd8 36. Ra8+ Ke7 37. Rxf8 Nxh3+ 38. Kg2 Kxf8 39. Rb8+ Kf7 40.
Rxg8 Kxg8 41. Kxh3 Kf7 42. b4 g5 43. Nf5 Ke6 44. b5 Kd5 45. Nd4 Kc5 46. Kg4 d5
47. Kf5 e3 48. Ke5 h5 49. Nf3 e2 50. b6 Kxb6 51. Kxd5 h4 52. gxh4 gxh4 53. Ke4
h3 0-1

[Event "15. Obert Internacional Pobla de Lillet"]
[Site "Pobla de Lillet ESP"]
[Date "2005.08.06"]
[Round "5.14"]
[White "Camacho Collados, Jose"]
[Black "Meca Matamoros, Andreu"]
[Result "1-0"]
[WhiteElo "2236"]
[BlackElo "2026"]
[PlyCount "73"]
[EventDate "2005.08.02"]
[EventType "swiss"]
[EventRounds "9"]
[EventCountry "ESP"]
[SourceTitle "Ajedrez en Madrid"]
[Source "lmi"]
[SourceDate "2005.08.11"]
[SourceVersion "1"]
[SourceVersionDate "2020.06.30"]
[SourceQuality "1"]

1. Nf3 Nf6 2. g3 g6 3. Bg2 Bg7 4. d4 O-O 5. c4 c5 6. O-O cxd4 7. Nxd4 Nc6 8.
Nc3 Ng4 9. e3 d6 10. Nxc6 bxc6 11. Bxc6 Rb8 12. Qa4 Ne5 13. Bg2 a5 14. c5 Rb4
15. Qc2 dxc5 16. Rd1 Bd7 17. f4 Nc4 18. Rb1 Bf5 19. e4 Bd4+ 20. Kh1 Bg4 21. Rd3
Be6 22. b3 Nd6 23. Ba3 Bxc3 24. Rxc3 Nxe4 25. Bxb4 Nxc3 26. Bxc3 Bf5 27. Be4
Be6 28. Qd2 Qxd2 29. Bxd2 a4 30. bxa4 Bxa2 31. Ra1 Bb3 32. a5 e6 33. a6 Bd5 34.
Bg2 Rd8 35. a7 Ba8 36. Bxa8 Rxa8 37. Be3 1-0

[Event "15. Obert Internacional Pobla de Lillet"]
[Site "Pobla de Lillet ESP"]
[Date "2005.08.06"]
[Round "5.15"]
[White "Rodriguez Fontecha, Marcos"]
[Black "Massoni, Michael"]
[Result "1-0"]
[WhiteElo "2179"]
[BlackElo "2003"]
[PlyCount "67"]
[EventDate "2005.08.02"]
[EventType "swiss"]
[EventRounds "9"]
[EventCountry "ESP"]
[SourceTitle "Ajedrez en Madrid"]
[Source "lmi"]
[SourceDate "2005.08.11"]
[SourceVersion "1"]
[SourceVersionDate "2020.06.30"]
[SourceQuality "1"]

1. e4 c5 2. Nf3 Nc6 3. d4 cxd4 4. Nxd4 g6 5. c4 Bg7 6. Nc2 Nf6 7. Nc3 O-O 8.
Be2 d6 9. O-O Bd7 10. Be3 Rc8 11. Nd4 a6 12. Rc1 Nxd4 13. Bxd4 b5 14. cxb5 axb5
15. Nxb5 Rxc1 16. Qxc1 Nxe4 17. Bxg7 Kxg7 18. Qe3 Qa5 19. Qxe4 Bxb5 20. Qd4+
Kg8 21. Qd5 Rb8 22. Bc4 e6 23. Qxd6 Rb6 24. Qe5 Qb4 25. Rd1 Be8 26. Rd8 Qe7 27.
Qd4 Rc6 28. b3 e5 29. Qd5 Kg7 30. h3 Rc7 31. Qa8 Bd7 32. Rh8 Be6 33. Rg8+ Kh6
34. Bxe6 1-0

[Event "15. Obert Internacional Pobla de Lillet"]
[Site "Pobla de Lillet ESP"]
[Date "2005.08.06"]
[Round "5.16"]
[White "Ayza Leon, David"]
[Black "Garcia Galeote, Lorenzo"]
[Result "1/2-1/2"]
[WhiteElo "2078"]
[BlackElo "2110"]
[PlyCount "34"]
[EventDate "2005.08.02"]
[EventType "swiss"]
[EventRounds "9"]
[EventCountry "ESP"]
[SourceTitle "Ajedrez en Madrid"]
[Source "lmi"]
[SourceDate "2005.08.11"]
[SourceVersion "1"]
[SourceVersionDate "2020.06.30"]
[SourceQuality "1"]

1. e4 e5 2. f4 d5 3. exd5 e4 4. d3 Nf6 5. dxe4 Nxe4 6. Nf3 Bc5 7. Qe2 Qe7 8.
Be3 Bd6 9. Bd4 O-O 10. Be5 Nf6 11. c4 Nbd7 12. Nc3 Nxe5 13. fxe5 Bxe5 14. Nxe5
Re8 15. O-O-O Qxe5 16. Qxe5 Rxe5 17. Bd3 Bd7 1/2-1/2

[Event "15. Obert Internacional Pobla de Lillet"]
[Site "Pobla de Lillet ESP"]
[Date "2005.08.06"]
[Round "5.34"]
[White "Parayre Soguero, Jordi"]
[Black "Trafi Guillaume, Joaquim"]
[Result "1-0"]
[WhiteElo "1997"]
[BlackElo "1845"]
[PlyCount "56"]
[EventDate "2005.08.02"]
[EventType "swiss"]
[EventRounds "9"]
[EventCountry "ESP"]
[SourceTitle "Ajedrez en Madrid"]
[Source "lmi"]
[SourceDate "2005.08.11"]
[SourceVersion "1"]
[SourceVersionDate "2020.06.30"]
[SourceQuality "1"]

1. d4 b6 2. Nf3 Nf6 3. c4 Bb7 4. Nc3 e6 5. a3 Be7 6. Bg5 h6 7. Bh4 d6 8. Qc2
Nbd7 9. e4 Nh5 10. Bxe7 Qxe7 11. Qd2 a6 12. Bd3 g6 13. O-O g5 14. d5 Nf4 15.
Rfe1 Nxd3 16. Qxd3 e5 17. b4 O-O 18. Nd2 c6 19. dxc6 Bxc6 20. Nd5 Bxd5 21. cxd5
b5 22. Nb3 f5 23. exf5 Qf7 24. g4 Nf6 25. f3 Nxd5 26. Rad1 Nf4 27. Qe3 Rad8 28.
Na5 Rd7 1-0

[Event "15. Obert Internacional Pobla de Lillet"]
[Site "Pobla de Lillet ESP"]
[Date "2005.08.07"]
[Round "6.1"]
[White "Kosten, Anthony C"]
[Black "Movsziszian, Karen"]
[Result "0-1"]
[WhiteElo "2522"]
[BlackElo "2439"]
[PlyCount "72"]
[EventDate "2005.08.02"]
[EventType "swiss"]
[EventRounds "9"]
[EventCountry "ESP"]
[SourceTitle "Ajedrez en Madrid"]
[Source "lmi"]
[SourceDate "2005.08.11"]
[SourceVersion "1"]
[SourceVersionDate "2020.06.30"]
[SourceQuality "1"]

1. e4 c5 2. Nf3 d6 3. d4 cxd4 4. Nxd4 Nf6 5. Nc3 a6 6. Bg5 e6 7. f4 Be7 8. Qf3
h6 9. Bh4 Qc7 10. O-O-O Nbd7 11. Be2 b5 12. Bxf6 Nxf6 13. e5 Bb7 14. Qg3 dxe5
15. fxe5 Nd7 16. Nxe6 fxe6 17. Bh5+ Kd8 18. Qxg7 Rf8 19. Bg4 Re8 20. Rhf1 Qb6
21. Rf6 Qe3+ 22. Kb1 Qxe5 23. Bxe6 Bc6 24. Bxd7 Bxd7 25. Qg4 Qc7 26. Rf7 Ra7
27. Qd4 Rb7 28. a3 Qc4 29. Qg7 Rc7 30. Ka1 b4 31. Rd4 Qe6 32. axb4 Bxb4 33. Re4
Bxc3 34. bxc3 Qxe4 35. Qf6+ Kc8 36. Qxa6+ Qb7 0-1

[Event "15. Obert Internacional Pobla de Lillet"]
[Site "Pobla de Lillet ESP"]
[Date "2005.08.07"]
[Round "6.2"]
[White "Petkov, Vladimir"]
[Black "Hanley, Craig"]
[Result "1/2-1/2"]
[WhiteElo "2475"]
[BlackElo "2367"]
[PlyCount "118"]
[EventDate "2005.08.02"]
[EventType "swiss"]
[EventRounds "9"]
[EventCountry "ESP"]
[SourceTitle "Ajedrez en Madrid"]
[Source "lmi"]
[SourceDate "2005.08.11"]
[SourceVersion "1"]
[SourceVersionDate "2020.06.30"]
[SourceQuality "1"]

1. d4 Nf6 2. c4 g6 3. Nc3 Bg7 4. e4 d6 5. Nf3 O-O 6. Be2 e5 7. O-O Na6 8. Be3
Ng4 9. Bg5 Qe8 10. c5 h6 11. Bh4 exd4 12. Nd5 dxc5 13. Bxa6 bxa6 14. Nxc7 Qxe4
15. Nxa8 Ne5 16. Nxe5 Bxe5 17. Re1 Bxh2+ 18. Kxh2 Qxh4+ 19. Kg1 Bb7 20. Nc7 Qg5
21. f3 Qd8 22. Rc1 Qxc7 23. Qxd4 Bxf3 24. Qe5 Qxe5 25. Rxe5 Bg4 26. Rexc5 Rd8
27. Rc7 Bf5 28. Rf1 h5 29. Rxa7 Rd6 30. b4 Kg7 31. a4 Bd7 32. Ra1 h4 33. Rc7
Bc6 34. Ra2 g5 35. b5 axb5 36. a5 b4 37. a6 b3 38. Rf2 Rd1+ 39. Kh2 g4 40.
Rfxf7+ Kg6 41. Rg7+ Kf5 42. Rxc6 b2 43. Rf7+ Kg5 44. Rc5+ Kg6 45. Rb7 b1=Q 46.
Rxb1 Rxb1 47. Ra5 Rb8 48. a7 Ra8 49. Kg1 Kf6 50. Kf2 Kg6 51. Ke3 h3 52. gxh3
gxh3 53. Kf3 Kf6 54. Kg3 Ke6 55. Kxh3 Kd6 56. Kg4 Kc6 57. Kf5 Kb6 58. Ra2 Rxa7
59. Rxa7 Kxa7 1/2-1/2

[Event "15. Obert Internacional Pobla de Lillet"]
[Site "Pobla de Lillet ESP"]
[Date "2005.08.07"]
[Round "6.3"]
[White "Burmakin, Vladimir"]
[Black "Granero Roca, Antonio"]
[Result "1/2-1/2"]
[WhiteElo "2558"]
[BlackElo "2342"]
[PlyCount "70"]
[EventDate "2005.08.02"]
[EventType "swiss"]
[EventRounds "9"]
[EventCountry "ESP"]
[SourceTitle "Ajedrez en Madrid"]
[Source "lmi"]
[SourceDate "2005.08.11"]
[SourceVersion "1"]
[SourceVersionDate "2020.06.30"]
[SourceQuality "1"]

1. d4 Nf6 2. Nf3 g6 3. g3 Bg7 4. Bg2 O-O 5. O-O d6 6. c4 c5 7. d5 b5 8. cxb5 a6
9. bxa6 Nbd7 10. Nc3 Bxa6 11. Qc2 Qb6 12. Rd1 Ng4 13. Rb1 Nde5 14. Nxe5 Nxe5
15. Bd2 Rfb8 16. b3 Rb7 17. h3 Qa7 18. Bf1 Rab8 19. Kg2 Qa8 20. Be1 Rb4 21. a3
Rd4 22. Rdc1 Bb7 23. f4 Nd7 24. Kh2 Nf6 25. e4 e6 26. Nb5 Rxe4 27. Nxd6 Bxd5
28. Nxe4 Nxe4 29. b4 Qxa3 30. bxc5 Rxb1 31. Rxb1 Bd4 32. Rb4 Qe3 33. Rxd4 Qxe1
34. Rxe4 Qxf1 35. c6 Bxc6 1/2-1/2

[Event "15. Obert Internacional Pobla de Lillet"]
[Site "Pobla de Lillet ESP"]
[Date "2005.08.07"]
[Round "6.4"]
[White "Pogorelov, Ruslan"]
[Black "Baron Rodriguez, Jesus"]
[Result "1/2-1/2"]
[WhiteElo "2442"]
[BlackElo "2445"]
[PlyCount "173"]
[EventDate "2005.08.02"]
[EventType "swiss"]
[EventRounds "9"]
[EventCountry "ESP"]
[SourceTitle "Ajedrez en Madrid"]
[Source "lmi"]
[SourceDate "2005.08.11"]
[SourceVersion "1"]
[SourceVersionDate "2020.06.30"]
[SourceQuality "1"]

1. Nf3 d5 2. c4 e6 3. g3 Nf6 4. Bg2 dxc4 5. Qa4+ Nbd7 6. Qxc4 c5 7. Qc2 b6 8.
O-O Bb7 9. d3 Bd6 10. a4 O-O 11. Na3 Nd5 12. Bd2 a6 13. Nc4 Bc7 14. e4 N5f6 15.
b4 Re8 16. b5 e5 17. Bc3 Qb8 18. Qb2 axb5 19. axb5 Rxa1 20. Rxa1 Re7 21. Nh4
Nf8 22. Nf5 Re6 23. h4 N6d7 24. Bh3 Re8 25. Nfe3 Ne6 26. Nd5 Nef8 27. Bg2 f6
28. Bh3 Ne6 29. Bxe6+ Rxe6 30. Qb3 Kf7 31. Nce3 Nf8 32. Ra4 Kg6 33. Qa2 h6 34.
Qe2 Re8 35. Qg4+ Kf7 36. Nf5 Ne6 37. h5 Bd8 38. Qg6+ Kf8 39. Nxh6 gxh6 40.
Qxh6+ Kg8 41. Qg6+ Kf8 42. Nxf6 Bxf6 43. Qxf6+ Kg8 44. Bxe5 Qd8 45. Qh8+ Kf7
46. Qh7+ Kf8 47. Qxb7 Qxd3 48. Ra7 Qd1+ 49. Kg2 Qxh5 50. Bd6+ Kg8 51. Qd5 Qxd5
52. exd5 Nd4 53. Bf4 Nxb5 54. Rb7 Rd8 55. Rxb6 Nc3 56. Be5 Nxd5 57. Rc6 Kf7 58.
Rxc5 Ke6 59. Bb2 Rb8 60. Bc1 Rb4 61. f3 Rb3 62. g4 Nc3 63. Bd2 Ne2 64. Kf2 Nd4
65. Bc3 Nb5 66. Bg7 Nd6 67. Bf8 Nf7 68. Kg3 Ne5 69. Rxe5+ Kxe5 70. Bg7+ Ke6 71.
Kf4 Kf7 72. Bd4 Kg6 73. Ke4 Kg5 74. Be3+ Kh4 75. Bf2+ Kg5 76. Be3+ Kh4 77. Bc5
Kg3 78. Bd6+ Kh4 79. Kf4 Rb7 80. Be5 Rf7+ 81. Ke4 Kg5 82. Bd6 Rd7 83. Bc5 Rf7
84. Be3+ Kh4 85. Bf2+ Kg5 86. Be3+ Kh4 87. Bf2+ 1/2-1/2

[Event "15. Obert Internacional Pobla de Lillet"]
[Site "Pobla de Lillet ESP"]
[Date "2005.08.07"]
[Round "6.5"]
[White "Moskalenko, Viktor"]
[Black "Bruned, Boris"]
[Result "1-0"]
[WhiteElo "2534"]
[BlackElo "2212"]
[PlyCount "91"]
[EventDate "2005.08.02"]
[EventType "swiss"]
[EventRounds "9"]
[EventCountry "ESP"]
[SourceTitle "Ajedrez en Madrid"]
[Source "lmi"]
[SourceDate "2005.08.11"]
[SourceVersion "1"]
[SourceVersionDate "2020.06.30"]
[SourceQuality "1"]

1. d4 Nf6 2. c4 e6 3. Nc3 Bb4 4. e3 c5 5. Nf3 O-O 6. Be2 Bxc3+ 7. bxc3 d6 8.
Qc2 Re8 9. dxc5 dxc5 10. e4 e5 11. Nd2 Nc6 12. Nf1 b6 13. Bg5 h6 14. Bh4 Qd6
15. Rd1 Qe6 16. Ne3 Na5 17. O-O g5 18. Bg3 Qc6 19. Rfe1 Bb7 20. Rd5 Nxd5 21.
cxd5 Qf6 22. Bb5 h5 23. Bxe8 Rxe8 24. h3 Bc8 25. Qa4 Rd8 26. Qd1 h4 27. Bh2 Qe7
28. Nf5 Bxf5 29. exf5 f6 30. f4 gxf4 31. Bxf4 Qh7 32. Be3 Qxf5 33. Rf1 Qe4 34.
Bf2 Nc4 35. Re1 Qf4 36. Qh5 Kg7 37. Rf1 Qg5 38. Qe2 Nd6 39. Qa6 Rd7 40. Qa4 b5
41. Qa6 Kh6 42. Qc6 Rg7 43. g4 hxg3 44. Bxc5 Ne4 45. Re1 Qd2 46. Be3+ 1-0

[Event "15. Obert Internacional Pobla de Lillet"]
[Site "Pobla de Lillet ESP"]
[Date "2005.08.07"]
[Round "6.6"]
[White "Rodriguez Fontecha, Marcos"]
[Black "Hebden, Mark"]
[Result "0-1"]
[WhiteElo "2179"]
[BlackElo "2510"]
[PlyCount "150"]
[EventDate "2005.08.02"]
[EventType "swiss"]
[EventRounds "9"]
[EventCountry "ESP"]
[SourceTitle "Ajedrez en Madrid"]
[Source "lmi"]
[SourceDate "2005.08.11"]
[SourceVersion "1"]
[SourceVersionDate "2020.06.30"]
[SourceQuality "1"]

1. d4 Nf6 2. Nf3 g6 3. Bg5 Bg7 4. Nbd2 O-O 5. c3 d6 6. e4 c5 7. dxc5 dxc5 8.
Bc4 Qc7 9. Qe2 Nc6 10. e5 Ng4 11. e6 f5 12. O-O-O b5 13. Bxb5 Rb8 14. Bf4 Qxf4
15. Bxc6 Rb6 16. Bd5 Ba6 17. Bc4 Bxc4 18. Qxc4 Qb8 19. Rhf1 Rxb2 20. h3 Nf6 21.
Ng5 Ne4 22. Ndxe4 fxe4 23. Nf7 Rb1+ 24. Kd2 Qf4+ 25. Kc2 Rxd1 26. Kxd1 Rb8 27.
Kc2 Qf5 28. g4 Qf3 29. Ng5 Qg2 30. Nxe4 Rf8 31. Qd3 Rf3 32. Qd8+ Bf8 33. Rd1
Rf4 34. Nxc5 Qxf2+ 35. Qd2 Qg3 36. Qd3 Rf3 37. Qc4 Qxh3 38. Kb3 Qg3 39. Rd8 Rf4
40. Ne4 Qe1 41. Rd4 Qb1+ 42. Ka3 h6 43. Nc5 Rf3 44. Nd3 Bg7 45. Rd7 Qb6 46. Qe4
Rf6 47. Nf4 Qa5+ 48. Kb3 Rf8 49. Nd5 Rb8+ 50. Nb4 Qc5 51. Qc4 Qe5 52. Ka4 Re8
53. Nc6 Qg5 54. Rd8 Rxd8 55. Nxd8 Qd2 56. Nc6 Bf6 57. Nxa7 Bxc3 58. Kb5 Bf6 59.
Nc6 Qb2+ 60. Ka6 Qa3+ 61. Kb7 Kg7 62. Qc2 h5 63. gxh5 gxh5 64. Qg2+ Kh6 65.
Qd2+ Kg6 66. Qg2+ Kh6 67. Qd2+ Bg5 68. Qf2 h4 69. Nd8 Qb4+ 70. Kc8 Qf4 71. Nf7+
Kg6 72. Qc2+ Kf6 73. Qc3+ Kxe6 74. Qb3+ Kf6 75. Nh8 Kg7 0-1